000 00862nam a2200301 i 4500
999 _c65307
_d65307
001 768714001
003 CO-MdFUSB
005 20191125103337.0
008 191112t2000 ck |||| |||| 00| 0 spa d
020 _a9586931234
040 _aCO-MdFUSB
_bspa
_cCO-MdFUSB
_dCO-MdFUSBC
_erda
041 _aspa
082 _223
_aG 851.1
_bAL411
100 _aAlighieri, Dante.
_eautor
245 _aDivina comedia.
_c/ Dante Alighieri
264 1 _aColombia :
_bSol 90,
_c[2000]
264 4 _c© 2000
300 _a409 páginas
_c; 23 cm
336 _2rdacontent
_atexto
_btxt
337 _2rdamedia
_asin mediación
_bn
338 _2rdacarrier
_avolumen
_bnc
490 _aClásicos de la Literatura Universal.
505 _aInfierno. -- Purgatorio. -- Paraíso.
563 _aRústico
650 7 _9109
_aLiteratura clásica
942 _cBK
945 _aJTF-925